[Event "Ojinaga Perla del Desierto op"]
[Site "Ojinaga"]
[Date "2023.10.28"]
[Round "5"]
[White "Rascon Vega, Alfonso Carlos"]
[Black "Chacon Ferra, Efrain"]
[Result "1-0"]
[WhiteElo "2152"]
[BlackElo "1835"]
[PlyCount "77"]
[EventDate "2023.10.26"]
[EventType "swiss"]
[EventRounds "7"]
[EventCountry "MEX"]
[SourceTitle "Mega2024 Update 01"]
[Source "Chessbase"]
[SourceDate "2023.11.12"]
[SourceVersion "1"]
[SourceVersionDate "2023.11.12"]
[SourceQuality "1"]

1. d4 Nf6 2. c4 g6 3. g3 Bg7 4. Bg2 d6 5. Nc3 0-0 6. Nf3 Nbd7 7. 0-0 e5 8. dxe5 dxe5 9. Qc2 Re8 10. Rd1 c6 11. Bg5 Qb6 12. Be3 Qc7 13. h3 Nf8 14. Bc5 N6d7 15. Bd6 Qd8 16. Rab1 f5 17. e4 Qf6 18. exf5 gxf5 19. c5 Ne6 20. Ne2 e4 21. Nh2 Ne5 22. Nf1 Nf3+ 23. Bxf3 exf3 24. Nf4 Nxf4 25. Bxf4 Be6 26. Ne3 Bxa2 27. Nxf5 Re2 28. Qd3 Bxb1 29. Rxb1 Rd8 30. Nd6 Qe6 31. Qxf3 Re1+ 32. Rxe1 Qxe1+ 33. Kh2 Qb4 34. Qe3 h6 35. Qe6+ Kh7 36. Qf5+ Kg8 37. Qf7+ Kh7 38. Be5 Rg8 39. Qf5+ 1-0

[Event "Ojinaga Perla del Desierto op"]
[Site "Ojinaga"]
[Date "2023.10.27"]
[Round "3"]
[White "Rascon Vega, Alfonso Carlos"]
[Black "Gonzalez Zamora, Juan Carlos"]
[Result "0-1"]
[WhiteElo "2152"]
[BlackElo "2479"]
[PlyCount "70"]
[EventDate "2023.10.26"]
[EventType "swiss"]
[EventRounds "7"]
[EventCountry "MEX"]
[SourceTitle "Mega2024 Update 01"]
[Source "Chessbase"]
[SourceDate "2023.11.12"]
[SourceVersion "1"]
[SourceVersionDate "2023.11.12"]
[SourceQuality "1"]

1. e4 c5 2. Nf3 Nc6 3. Bb5 d6 4. c3 Bd7 5. 0-0 Nf6 6. Re1 a6 7. Bf1 Bg4 8. d3 e6 9. Nbd2 h6 10. h3 Bh5 11. a4 Be7 12. Nc4 b5 13. Ncd2 0-0 14. g4 Bg6 15. Bg2 d5 16. axb5 axb5 17. Rxa8 Qxa8 18. Nh4 Bh7 19. exd5 Nxd5 20. Nf5 Bg5 21. Nf1 Qd8 22. N5e3 Nde7 23. Qb3 Qb8 24. Qa3 Ne5 25. d4 Nd3 26. Rd1 c4 27. Bd2 Bh4 28. Be1 Ng6 29. Nd2 Be7 30. Qa2 Ngf4 31. Ndf1 Nxg2 32. Nxg2 Qb7 33. b4 Qf3 34. Ra1 Be4 35. Nfe3 Nf4 0-1

[Event "Mexican op 66th"]
[Site "Villahermosa"]
[Date "2021.08.08"]
[Round "8"]
[White "Paredes Guzman, Francisco Javier"]
[Black "Rascon Vega, Alfonso Carlos"]
[Result "0-1"]
[WhiteElo "1694"]
[BlackElo "2095"]
[PlyCount "61"]
[EventDate "2021.08.04"]
[EventType "swiss"]
[EventRounds "8"]
[EventCountry "MEX"]
[SourceTitle "CBM 203 Extra"]
[Source "ChessBase"]
[SourceDate "2021.09.30"]
[SourceVersion "1"]
[SourceVersionDate "2021.09.30"]
[SourceQuality "1"]

1. d4 Nf6 2. Nf3 g6 3. g3 Bg7 4. Bg2 0-0 5. c4 d6 6. 0-0 Nbd7 7. d5 a5 8. Nc3 e5 9. dxe6 fxe6 10. Ng5 Ne5 11. b3 h6 12. Nh3 Rb8 13. Qc2 Qe8 14. Nb5 Qf7 15. Bb2 Bd7 16. Nf4 Nfg4 17. Nd4 c6 18. Rad1 g5 19. Nh3 d5 20. f4 gxf4 21. gxf4 Ng6 22. Rf3 Nh4 23. Rg3 Nxg2 24. Rxg2 Ne3 25. Rd3 Nxc2 26. Rdg3 e5 27. Nxc2 Bxh3 28. Rxh3 Kh7 29. Ne3 d4 30. Ng4 Qxf4 31. Bc1 0-1

[Event "Dos Hermanas Internet qual-C 10th"]
[Site "ICC INT"]
[Date "2009.03.14"]
[Round "12"]
[White "Vijayalakshmi, Subbaraman"]
[Black "Rascon Vega, Alfonso Carlos"]
[Result "1-0"]
[WhiteElo "2464"]
[BlackElo "2080"]
[PlyCount "93"]
[EventDate "2009.03.14"]
[EventType "swiss (blitz)"]
[EventRounds "12"]
[EventCountry "ESP"]
[SourceTitle "CBM 129 Extra"]
[Source "ChessBase"]
[SourceDate "2009.05.05"]
[SourceVersion "2"]
[SourceVersionDate "2009.05.20"]
[SourceQuality "1"]

1. d4 Nf6 2. c4 g6 3. Nc3 Bg7 4. Nf3 d6 5. g3 0-0 6. Bg2 c6 7. 0-0 Qa5 8. e4 e5 9. dxe5 dxe5 10. Qc2 Be6 11. b3 Nbd7 12. h3 h6 13. Be3 Qc7 14. Rad1 b6 15. Kh2 Rfe8 16. Rd2 Rad8 17. Rfd1 Nf8 18. a4 a5 19. Ne1 g5 20. Qc1 Ng6 21. f3 Bc8 22. Nc2 Nf8 23. Rd3 Ne6 24. R1d2 h5 25. Qg1 c5 26. Nd5 Nxd5 27. exd5 Nd4 28. Nxd4 exd4 29. Bxg5 Rd6 30. Bf4 Be5 31. Re2 Rg6 32. Qe1 f6 33. Bxe5 fxe5 34. f4 Bf5 35. Rdd2 h4 36. g4 e4 37. gxf5 Qxf4+ 38. Kh1 Qxf5 39. Rxe4 Rf8 40. Rxh4 Qf6 41. Qe6+ Qxe6 42. dxe6 Kg7 43. Rg4 Rxg4 44. hxg4 Rf4 45. Re2 Kf8 46. e7+ Ke8 47. Bc6+ 1-0

[Event "Dos Hermanas Internet qual-A 10th"]
[Site "ICC INT"]
[Date "2009.03.13"]
[Round "12"]
[White "Rascon Vega, Alfonso Carlos"]
[Black "Eiriksson Vikingur, Fjalar"]
[Result "0-1"]
[WhiteElo "2080"]
[BlackElo "1882"]
[PlyCount "84"]
[EventDate "2009.03.13"]
[EventType "swiss (blitz)"]
[EventRounds "12"]
[EventCountry "ESP"]
[SourceTitle "CBM 129 Extra"]
[Source "ChessBase"]
[SourceDate "2009.05.05"]
[SourceVersion "2"]
[SourceVersionDate "2009.05.20"]
[SourceQuality "1"]

1. e4 Nf6 2. Nc3 d5 3. e5 d4 4. exf6 dxc3 5. bxc3 exf6 6. Nf3 Bc5 7. Bc4 Qe7+ 8. Qe2 Qxe2+ 9. Bxe2 0-0 10. 0-0 Re8 11. Re1 Bg4 12. d4 Bd6 13. Be3 Nc6 14. Rab1 Rab8 15. Bb5 Bxf3 16. gxf3 a6 17. Ba4 b5 18. Bb3 f5 19. f4 Rbd8 20. a4 Rb8 21. axb5 axb5 22. Bd5 Na5 23. Kf1 Nc4 24. Bc6 Re7 25. Bxb5 Na3 26. Rb3 Nxb5 27. Reb1 c6 28. c4 Reb7 29. cxb5 cxb5 30. Ke2 h5 31. Kd3 f6 32. c3 Kf7 33. f3 Ke6 34. h3 Be7 35. Bf2 g5 36. Kd2 g4 37. hxg4 fxg4 38. fxg4 hxg4 39. Bg3 f5 40. Re1+ Kf6 41. d5 Kf7 42. Re6 Rb6 0-1

[Event "Dos Hermanas Internet qual-A 10th"]
[Site "ICC INT"]
[Date "2009.03.13"]
[Round "8"]
[White "Rascon Vega, Alfonso Carlos"]
[Black "Sosa, Ricardo Hugo"]
[Result "1-0"]
[WhiteElo "2080"]
[BlackElo "2220"]
[PlyCount "83"]
[EventDate "2009.03.13"]
[EventType "swiss (blitz)"]
[EventRounds "12"]
[EventCountry "ESP"]
[SourceTitle "CBM 129 Extra"]
[Source "ChessBase"]
[SourceDate "2009.05.05"]
[SourceVersion "2"]
[SourceVersionDate "2009.05.20"]
[SourceQuality "1"]

1. e4 e6 2. d4 d5 3. e5 c5 4. c4 cxd4 5. Nf3 dxc4 6. Qxd4 Qxd4 7. Nxd4 Nc6 8. Nxc6 bxc6 9. Bxc4 Bc5 10. 0-0 Ne7 11. b3 0-0 12. Nc3 a5 13. Re1 Ng6 14. Be3 Bb4 15. Bd2 Rd8 16. Rad1 Ba6 17. Bxa6 Rxa6 18. a3 Bxa3 19. Na4 Bb4 20. Bxb4 Rxd1 21. Rxd1 h6 22. Bd6 Nf4 23. Kf1 Nd5 24. Nc5 Rb6 25. Ra1 Rb4 26. Nxe6 fxe6 27. Bxb4 Nxb4 28. Rxa5 Kf7 29. Ra7+ Kg6 30. Ke2 Kf5 31. Ra5 Nd5 32. Ra6 c5 33. Rc6 Kxe5 34. Rxc5 Kd4 35. Rc8 g6 36. Rh8 h5 37. g3 Kc3 38. Rg8 Kxb3 39. Rxg6 Nc3+ 40. Kd3 Nd5 41. Rxe6 Kb4 42. Rh6 1-0